| 000 | 00333nam a22001337a 4500 | ||
|---|---|---|---|
| 008 | 230608b xxu||||| |||| 00| 0 eng d | ||
| 020 | _a9966031785 | ||
| 082 |
_a340.11 _bWED |
||
| 100 | _cAmbrose Otieno Weda | ||
| 245 | _aThe Ideal Lawyer | ||
| 260 |
_aNairobi _bLawAfrica Publishing (K) Ltd _c2019 |
||
| 300 | _a505p | ||
| 942 |
_2ddc _cBK |
||
| 999 |
_c851 _d851 |
||